Phương pháp thống kê trong sinh học

Đã lưu trong:
Bibliografiske detaljer
Hovedforfatter: Lesquoy, Elisabeth
Format: Bog
Sprog:Undetermined
Udgivet: Cần Thơ Trường Đại học Cần Thơ 1982
Fag:
Tags: Tilføj Tag
Ingen Tags, Vær først til at tagge denne postø!
Thư viện lưu trữ: Trung tâm Học liệu Trường Đại học Cần Thơ
LEADER 00588nam a2200193Ia 4500
001 CTU_23966
008 210402s9999 xx 000 0 und d
082 |a 519.5 
082 |b L631 
100 |a Lesquoy, Elisabeth 
245 0 |a Phương pháp thống kê trong sinh học 
245 0 |c Elisabeth Lesquoy; Nguyễn Tri Khiêm dịch 
260 |a Cần Thơ 
260 |b Trường Đại học Cần Thơ 
260 |c 1982 
650 |a Biometry 
650 |x Statistics method 
904 |i Phượng 
980 |a Trung tâm Học liệu Trường Đại học Cần Thơ